000 00204nam a2200085Ia 4500
008 120527s9999 xx 000 0 und d
100 _aReport on Symposium,
245 _aAbnormal and Psychology
942 _cBK
999 _c27645
_d27645